Представление документа в формате MARC21

Поле Инд. ПП Название Значение
Тип записи a
Библиографический уровень b
001 Контрольный номер RU/IS/BASE/103395151
005 Дата корректировки 20240403144219.1
084 a Индекс другой классификации/Индекс ББК 86.372.24(2Рос)-6*
a Индекс другой классификации/Индекс ББК 86.29(2Рос)
100 1_ a Автор Берташ А.
245 a Заглавие Монастыри России
520 a Аннотация Статья посвящена Коневскому и Тихвинскому мужским монастырям. Даны адреса Свято-Успенского большого Тихвинского мужского монастыря и Рождество-Богородичного Коневского мужского монастыря
650 a Основная рубрика православие
a Основная рубрика религия
a Основная рубрика русская православная церковь
a Основная рубрика христианство
653 a Ключевые слова Антониев Дымский монастырь
a Ключевые слова иконы
a Ключевые слова история церкви
a Ключевые слова Коневский мужской монастырь
a Ключевые слова монастыри
a Ключевые слова мужские монастыри
a Ключевые слова православные монастыри
a Ключевые слова Россия
a Ключевые слова Тихвин (город)
a Ключевые слова Тихвинская икона
a Ключевые слова Тихвинский мужской монастырь
773 t Заглавие источника Наука и религия
d Дата издания источника 2003
g Прочая информация № 1. - С. 31 - 32
w Контрольный № источника RU/IS/BASE/101818159
901 t Тип документа b